000 00785nam a2200181Ia 4500
008 100920s9999 xx 000 0 und d
082 _b99452
_a49 न 07
100 _aपुरंदरे वेभव /मनोहर अनंत.
245 _aसचिन तेंडुलकर समग्र चरित्र.
260 _bकाँन्टिनेन्टल प्रकाशन, पुणे.
_c2007
300 _a548
_bसाधी
365 _b400
520 _aडिपॉझिट सेक्शन.
630 _aसचिन तेंडुलकर समग्र चरित्र.
650 _aडिपॉझिट सेक्शन.
730 _aसचिन तेंडुलकर समग्र चरित्र.
942 _cBOOK
999 _c739890
_d739887